[Event "COL-ch disabled 2nd"]
[Site "Cali"]
[Date "2008.10.28"]
[Round "7.17"]
[White "Guerrero Rodriguez, Alfonso"]
[Black "Ordonez, Jairo Hernan"]
[Result "1-0"]
[WhiteElo "1600"]
[BlackElo "1600"]
[PlyCount "57"]
[EventDate "2008.10.25"]
[EventType "swiss"]
[EventRounds "7"]
[EventCountry "COL"]
[SourceTitle "EXT 2024"]
[Source "ChessBase"]
[SourceDate "2023.10.10"]
[SourceVersion "1"]
[SourceVersionDate "2023.10.10"]
[SourceQuality "1"]

1. e4 e5 2. Bc4 Nf6 3. d3 d5 4. exd5 Nxd5 5. Qf3 Be6 6. Nc3 c6 7. Bd2 Nxc3 8. Bxe6 fxe6 9. Bxc3 Qf6 10. Qe2 Nd7 11. 0-0-0 a5 12. Nh3 h6 13. Rhe1 Bd6 14. d4 exd4 15. Bxd4 Be5 16. Bxe5 Nxe5 17. Qxe5 0-0 18. Qxe6+ Kh8 19. Qxf6 Rxf6 20. Re3 c5 21. Re4 b5 22. Rde1 g6 23. Re8+ Rxe8 24. Rxe8+ Kh7 25. Re1 b4 26. Nf4 g5 27. Nh5 Rxf2 28. a4 b3 29. Kd1 1-0

[Event "COL-ch disabled 2nd"]
[Site "Cali"]
[Date "2008.10.26"]
[Round "3.11"]
[White "Ordonez, Jairo Hernan"]
[Black "Fuentes Molina, Richard"]
[Result "0-1"]
[WhiteElo "1600"]
[BlackElo "1600"]
[PlyCount "24"]
[EventDate "2008.10.25"]
[EventType "swiss"]
[EventRounds "7"]
[EventCountry "COL"]
[SourceTitle "EXT 2024"]
[Source "ChessBase"]
[SourceDate "2023.10.10"]
[SourceVersion "1"]
[SourceVersionDate "2023.10.10"]
[SourceQuality "1"]

1. e4 e5 2. Nf3 Nc6 3. Bc4 Be7 4. d3 Nf6 5. Nc3 Na5 6. Bb3 Nxb3 7. axb3 0-0 8. 0-0 d6 9. Nh4 Nxe4 10. Nxe4 Bxh4 11. Be3 Bf5 12. Nc3 f6 0-1